000 00854nam a2200217Ia 4500
001 9045
003 GE_BSU
008 181216s||||||||xx |||||||||||||| ||und||
040 _cGE_BSU
080 _a821.353.1-32
100 _aკლდიაშვილი,სერგო
245 _aთხზულებათა კრებული ოთხ ტომად. ტომი მესამე
245 _bტომი მესამე:მოთხრობები;მოგონებები
245 _cრედ:ნ.კანდელაკი;მხატვ:გ.კალაძე
260 _aთბილისი.
260 _bსაბჭ.საქართველო
260 _c1975
300 _a502გვ;ილ;22სმ.
653 _aმოთხრობები;მოგონებები
942 _cBK
999 _c42349
_d42349